Score 0/20 Timer 04:00
0 Plays Today
Song Title Missing Word % Correct
Wanted Dead or ____Alive
99.8%
Ding-Dong! The ____ is DeadWitch
85.9%
____ My Dead BodyOver
85.5%
Better ____ DeadOff
83.1%
All My ____ Are DeadFriends
63.4%
____ ____ You're DeadBang
62.4%
Among the ____ DeadLiving
55.9%
Dead to the ____World
44.7%
Dead and ____Gone
43.5%
The ____ is DeadQueen
37.9%
Song Title Missing Word % Correct
(____ Dead) BeautifulDrop
35.6%
Dead End ____Street
34.1%
Dead Bodies ____Everywhere
20.4%
Dead Embryonic ____Cells
17.3%
Be ____ or Be DeadQuick
16.5%
____ is DeadRock
16.4%
Dead ____Presidents
7.9%
Dead ____ MaskSkin
5.8%
____ of the DeadCity
5.1%
A Dead Man's ____Words
2.9%

Today's Daily Dose

Remove Ads.
Support Sporcle.
Get the best of Sporcle when you Go Orange. This ad-free experience offers more features, more stats, and more fun while also helping to support Sporcle. Thank you for becoming a member.

You're not logged in!

Compare scores with friends on all Sporcle quizzes.
OR
Log In

Show Comments

Extras

Top Quizzes Today


Score Distribution

Your Account Isn't Verified!

In order to create a playlist on Sporcle, you need to verify the email address you used during registration. Go to your Sporcle Settings to finish the process.

Report this User

Report this user for behavior that violates our Community Guidelines.

Details: